01409naa a22003377a 4500001001000000003000900010005001700019007000300036008003400039040005400073041000900127072002000136090001800156100002300174100001700197111010000214245014200314260003600456500013300492650001000625650001700635650001400652650001700666650002100683650001900704773013000723909003600853942001400889999001900903952014900922BR7908102BR-BrBNA20240918174524.0ta230509b bl.||||| |||| 00| 0 por d aBR-BrBNAbporcBiblioteca Nacional de Agricultura a(Pt) aH60b0150b3876 aH60 BR79081021 aSantos, C.A.L. dos1 aCruz, L.S.P.1 a1. Reuniao de Tecnicos em Rizicultura do Estado de Sao PaulocCampinas, SP (Brazil)d5 Mar 19791 aEfeito do bentazon e bentazon + dicloroprop no controle de plantas daninhas em arroz irrigado [Oryza sativa, herbicida, controle quimico]3 aCampinas, SP (Brasil): c1979.  aAnais da 1. Reuniao de Tecnicos em Rizicultura do Estado de Sao Paulo Campinas, SP (Brasil): 1979. p. 311-312 (BR7908102-AM)H60  aARROZ aERVA DANINHA aHERBICIDA aPULVERIZACAO aCONTROLE QUIMICO aPOS-EMERGENCIA0 tAnais da 1. Reuniao de Tecnicos em Rizicultura do Estado de Sao PaulowH60 BR7908102gCampinas, SP (Brasil), 1979. p. 311-312 a202404bLuciac55dLucia Elande cAM2AGRIS c311751d311751 002AGRIS40708Acervo Gerala41918b41918cAgrobasel0o0150 BR7908058r2024-05-20t01yAM10d2024-04-11ePortaria Interministerial nÂș 164/94